000 00544nam a2200193 a 4500
001 1777709375630
003 YourLibrary
005 20260502134133.0
008 260502s2007##################000#0#eng##
020 _a9780415377867
082 0 4 _a341.584
_bBRZ
100 1 _aBrzoska, Michael,
_eauthor.
245 1 0 _aSecurity Sector Reconstruction and Reform in Peace Support Operations :
260 _bTaylor & Francis US,
_c2007.
300 _a144 pages
650 0 _aHistory.
942 _cENGLISH
040 _aYourLibrary
_beng
_cYourLibrary
999 _c622088
_d622088